Home computer use and the development of human capital (Record no. 93227)

000 -LEADER
fixed length control field 00428pab a2200169 454500
008 - FIXED-LENGTH DATA ELEMENTS--GENERAL INFORMATION
fixed length control field 180718b2011 xxu||||| |||| 00| 0 eng d
100 ## - MAIN ENTRY--PERSONAL NAME
Personal name Malamud, Ofer
245 ## - TITLE STATEMENT
Title Home computer use and the development of human capital
260 ## - PUBLICATION, DISTRIBUTION, ETC.
Date of publication, distribution, etc. 2011
300 ## - PHYSICAL DESCRIPTION
Extent p.987-1027.
362 ## - DATES OF PUBLICATION AND/OR SEQUENTIAL DESIGNATION
Dates of publication and/or sequential designation May
650 ## - SUBJECT ADDED ENTRY--TOPICAL TERM
Topical term or geographic name entry element Computers
700 ## - ADDED ENTRY--PERSONAL NAME
Personal name Pop-Eleches, Cristian
773 ## - HOST ITEM ENTRY
Main entry heading Quarterly Journal of Economics
908 ## - PUT COMMAND PARAMETER (RLIN)
Put command parameter N
909 ## -
-- 93227
Holdings
Withdrawn status Lost status Damaged status Not for loan Permanent Location Current Location Date acquired Serial Enumeration / chronology Barcode Date last seen Price effective from Koha item type
        Indian Institute of Public Administration Indian Institute of Public Administration 2018-07-19 Volume no: 116, Issue no: 2 AR93687 2018-07-19 2018-07-19 Articles

Powered by Koha